00332nam a22001097a 4500082002000000100001800020245008500038260002700123300001000150650002900160650003300189 aTNC T19x54 G237 aGaur, Mandan  aRomance with radicalism :bA critique on India's economic policycby Mandan Gaur aBombaybP.P.S.I.c1992 a276p. aIndia - Economic policy  aIndia - Economic conditions